000 01335nam a22003497a 4500
003 CHAP
005 20220329140435.0
008 971013c19911976 r 00010 d
010 _a51991
011 _a52963
035 _a57113
040 _cCHAP
082 _a630.71
_bF4
100 0 0 _aFernández y Fernández, Ramón.
_940322
245 _aChapingo hace 50 años
260 _aChapingo, Méx. :
_bENA. Colegio de Postgraduados. Centro de Economía Agrícola,
_c1991 (c.1976)
300 _a174 p.
500 _aSe rep. c.1-5
590 _aBATCH-UPD
_b10
_c20130110
_lUCH01
_h1718
590 _aBATCH-UPD
_b10
_c20130410
_lUCH01
_h1102
590 _aBATCH-UPD
_b10
_c20130914
_lUCH01
_h1241
590 _aCONVERSION
_b10
_c20130109
_lUCH01
_h1328
650 1 4 _aEducación agrícola
_zMéxico.
_935552
650 1 4 _aENA
_xHistoria.
_936672
901 _aBK
942 _cLIBRO
949 _a630.71 F4
_bBC
_cLIBRO
_d33724000630398
_eLIBRO
_fc.4
_gI. c/e
_h76050
_i57113
_si
_t24.00
949 _a630.71 F4
_bBC
_cLIBRO
_d33724000643417
_eLIBRO
_fc.3
_gI.c/e
_h39523
_i57113
_so
949 _a630.71 F4
_bBC
_cLIBRO
_d33724000643532
_eLIBRO
_fc.2
_gI.c/e
_h39522
_i57113
_si
949 _a630.71 F4
_bBC
_cLIBRO
_d33724000643656
_eLIBRO
_gI.c/e
_h39521
_i57113
_si
_t24.00
949 _a630.71 F4
_bBC
_cUACH
_d33724000630380
_eUACH
_fc.5
_gI. c/e
_h39525
_i57113
_sb
_t24.00
999 _c51991
_d51991